| 000 | 00752nam a2200241 4500 | ||
|---|---|---|---|
| 001 | sa 68015648 | ||
| 003 | DLC | ||
| 005 | 20260227112645.0 | ||
| 008 | 700507s1968 ii 100 0 eng | ||
| 010 | _asa 68015648 | ||
| 025 | _aPL480:I-E-10719 | ||
| 040 |
_aDLC _cDLC _dDLC |
||
| 050 | 0 | 0 | _aLAW |
| 082 | 0 | 0 | _a341.5/7 |
| 111 | 2 |
_aInternational Seminar on Commercial Arbitration, _cDelhi, _d1968. |
|
| 245 | 0 | 0 | _aInternational Seminar on Commercial Arbitration, 18th and 19th March 1968. |
| 260 |
_aNew Delhi, _bIndian Council of Arbitration _c[1968] |
||
| 300 |
_a374 p. _c24 cm. |
||
| 350 | _a20.00 | ||
| 500 | _aConvened by the Indian Council of Arbitration. | ||
| 650 | 0 | _aArbitration and award. | |
| 710 | 2 | _aIndian Council of Arbitration. | |
| 999 |
_c86585 _d86585 |
||